000 00825nam a2200229 a 4500
001 000011578
005 20240412074227.0
008 091021s1985 dr 000 p spa d
040 _aDO-SdBNP
_bspa
_cBNPHU
082 _aRD861.44
_bL453c
100 1 _aLebron Saviñón, Carlos
_924855
245 1 0 _aCanto iluminado /
_cCarlos Lebron Saviñón.
260 _aSanto Domingo :
_bCENAPEC ; Biblioteca Nacional,
_c1985.
300 _a75 p. ;
_c221 cm.
500 _aIncluye datos biográficos del autor en la contracubierta
500 _aPublicaciones de la Biblioteca Nacional
590 _aPerteneció a la biblioteca personal de Juan Isidro Jimenes Grullón.
590 _aInventariado, 2018/LP
650 0 _aPoesía dominicana
_966
650 0 _aLiteratura dominicana.
_967
910 _aValidado. Control de calidad MFF
999 _c11273
_d11273